Textbook of astronomy Ed 2 (Record no. 125975)
[ view plain ]
| 000 -LEADER | |
|---|---|
| fixed length control field | 00439nam a2200193Ia 4500 |
| 008 - FIXED-LENGTH DATA ELEMENTS--GENERAL INFORMATION | |
| fixed length control field | 210210b1956 xxu||||| |||| 00| 0 eng d |
| 041 ## - LANGUAGE CODE | |
| Language code of text/sound track or separate title | eng |
| 082 ## - DEWEY DECIMAL CLASSIFICATION NUMBER | |
| Classification number | 520/155 |
| 100 ## - MAIN ENTRY--PERSONAL NAME | |
| Personal name | RAMACHANDRAN (G V) |
| 245 ## - TITLE STATEMENT | |
| Title | Textbook of astronomy Ed 2 |
| 260 ## - PUBLICATION, DISTRIBUTION, ETC. | |
| Place of publication, distribution, etc. | Trichy |
| Name of publisher, distributor, etc. | Rukmani Ramachandran |
| Date of publication, distribution, etc. | 1956 |
| 300 ## - PHYSICAL DESCRIPTION | |
| Extent | 466 |
| 650 ## - SUBJECT ADDED ENTRY--TOPICAL TERM | |
| Topical term or geographic name entry element | Textbook |
| 650 ## - SUBJECT ADDED ENTRY--TOPICAL TERM | |
| Topical term or geographic name entry element | Ed |
| 650 ## - SUBJECT ADDED ENTRY--TOPICAL TERM | |
| Topical term or geographic name entry element | astronomy |
| 650 ## - SUBJECT ADDED ENTRY--TOPICAL TERM | |
| Topical term or geographic name entry element | 2 |
| 690 ## - LOCAL SUBJECT ADDED ENTRY--TOPICAL TERM (OCLC, RLIN) | |
| Topical term or geographic name as entry element | Astronomy |
| 906 ## - LOCAL DATA ELEMENT F, LDF (RLIN) | |
| a | 008140 |
| Withdrawn status | Lost status | Source of classification or shelving scheme | Damaged status | Not for loan | Collection code | Home library | Current library | Date acquired | Cost, normal purchase price | Total Checkouts | Full call number | Barcode | Date last seen | Price effective from | Koha item type |
|---|---|---|---|---|---|---|---|---|---|---|---|---|---|---|---|
| Dewey Decimal Classification | Rare Book | Physics | St Aloysius Library | St Aloysius Library | 02/17/2021 | 6.00 | 520/155 | 008140 | 02/17/2021 | 02/17/2021 | Book |